• 首页
  • 本馆介绍
  • 公告通知
  • 最新文献
  • 馆藏检索
  • 电子资源
  • 读者导购
  • 参考咨询
  • 我的图书馆
  • 登录
  • 详细信息显示
  • 放入我的书架
  • 预约/预借图书
  • 作者相关作品
  • 分类相关作品
  • 丛书相关作品
  • 出版社相关作品

书目信息

  • 表格格式
  • 工作单格式
  • 卡片格式
题名:
统计分析基本方法及运用
    
 
作者: 邵祥能 编
分册:  
出版信息: 北京   中国财政经济出版社  1984
页数: 112页
开本: 19cm
丛书名:
单 册:
中图分类: C81
科图分类:
主题词: 统计--方法 , 统计分析--方法
电子资源:
ISBN:
000 00689nam0 2200241 45
001 0184010458
005 20051228101854.06
010    @dCNY0.36
091    @a4166.502
100    @a19950408d1984 em y0chiy0121 ea
101 0  @achi
102    @aCN@b110000
105    @ay z 000yy
200 10 @a统计分析基本方法及运用@Atong ji fen xi ji ben fang fa ji yun yong@f邵祥能等编@Fshao xiang neng deng bian
210    @a北京@c中国财政经济出版社@d1984
215    @a112页@d19cm
606 0  @a统计@x方法
606    @a统计分析@x方法
690    @aC81
701  0 @a邵祥能@Ashao xiang neng@4编
801  2 @aCN@bNLC@c20051228
801  0 @aCN@b上海图书馆@c20040507
905    @f3@b119609-611@dC81@e4
    
    统计分析基本方法及运用/邵祥能等编.-北京:中国财政经济出版社,1984
    112页;19cm
    
    
    ISBN :CNY0.36
    
●
相关链接 在E读中查询图书 在五车中查询图书 在当当中查询图书 在豆瓣中查询图书


正题名:统计分析基本方法及运用     索取号:C81/4         预约/预借

序号 登录号 条形码 馆藏地/架位号 状态 备注
1 0119609   001143630   密集书库/ [索取号:C81/4] 在馆    
2 0119610   001143621   密集书库/ [索取号:C81/4] 在馆    
3 0119611   001143612   第一样本阅览室/ [索取号:C81/4] 在馆    
4 0119612   202181959   密集书库/ [索取号:C81/4] 在馆    
唐山师范学院图书馆 欢迎您!
大连网信软件有限公司© 版权所有